000
00257nam a22001097a 4500
082
_a
425
_b
WRE/N
100
_a
WREN
245
_a
NEW EDITION ENG-GRAMMAR
246
_a
NEW EDITION ENG-GRAMMAR
_b
NEW EDITION ENG-GRAMMAR
650
_a
ENGLISH GRAMMAR
942
_c
BK
999
_c
8860
_d
8860